Nennen Sie alle Farben, die Sie kennen – nennen Sie die berühmtesten - Statistiken

Allgemein
  • Dieses Quiz wurde 232 mal gespielt
  • Das Durchschnittsergebnis liegt bei 12 aus 16
Antwortstatistiken
Antwort % Korrekt
Rot
99%
Schwarz
99%
Blau
98%
Gelb
98%
Weiß
98%
Grün
97%
Lila
89%
Orange
89%
Rosa
88%
Grau
85%
Braun
84%
Türkis
67%
Violett
57%
Gold
43%
Silber
43%
Anthrazit
9%
Keine übereinstimmenden Quizze gefunden
Verteilung der Resultate
Anzahl Personen mit jedem Resultat
Perzentil nach korrekt beantworteten Fragen
Ihre Resultats-Entwicklung
Sie haben dieses Quiz noch nicht gespielt